000 00305nam a22001457a 4500
003 SGT
020 _a9780144000265
082 _a791.43
_bRAY
100 _aRAY SATYAJIT
245 _aSPEAKING OF FILMS
260 _a INDIA
_c2020
_bPENGUIN BOOK PUB.
300 _a220
650 _aBJMC
942 _2ddc
_cBK
999 _c32126
_d32126